Řízení jakosti a ochrana spotřebitele

Saved in:
Bibliographic Details
Main Author: Veber, Jaromír
Format: Book
Language:Czech
Published: Praha Grada Publishing 2002
Series:Manažer
Subjects:
Tags: Add Tag
No Tags, Be the first to tag this record!

MARC

LEADER 00000nam a2200000 4500
001 c133409
005 20221124092826.7
020 |a 80-247-0194-4 
041 0 |a cze 
044 |a CZ 
245 1 0 |a Řízení jakosti a ochrana spotřebitele  |c Jaromír Veber a kol. 
264 1 |a Praha  |b Grada Publishing  |c 2002 
300 |a 163 s. 
490 1 |a Manažer 
830 0 |a Manažer 
610 2 0 |a kvalita 
610 2 0 |a riadenie kvality 
610 2 0 |a ochrana spotrebiteľa 
610 2 0 |a vývoj 
610 2 0 |a výrobky 
610 2 0 |a služby 
610 2 0 |a firmy 
610 2 0 |a dozor 
610 2 0 |a normy ISO 
610 2 0 |a audit 
610 2 0 |a zákazníci 
610 2 0 |a štatistika 
610 2 0 |a systémy riadenia 
610 2 0 |a produktivita 
100 1 |a Veber, Jaromír